Britské odborové hnutí nástin vývoje

Na minha lista:
Detalhes bibliográficos
Formato: Livro
Idioma:tcheco
Publicado em: Praha Práce 1947
Tags: Adicionar Tag
Sem tags, seja o primeiro a adicionar uma tag!

MARC

LEADER 00000nam a2200000 4500
001 0268997
005 20240822101714.0
041 0 |a cze 
044 |a -CS 
245 1 0 |a Britské odborové hnutí  |b nástin vývoje  |c Alen Hutt 
264 1 |a Praha  |b Práce  |c 1947